000 00438nam a2200181Ia 4500
001 542
005 20260306140525.0
008 260306t2015||||xx |||||||||||||| ||spa||
041 _aESP
082 _a128
_bA53
100 _aAmengual Coll, Gabriel
_eAUT
245 0 _aLa persona humana. El debate sobre su concepto
260 _c2015
300 _a398 páginas :
_c23 cm.
650 _aGEN
654 _aCHU
942 _cLIB
_dJUS
_fJUS
_2ddc
_n
999 _c542
_d542